Missing Word: 1998 Movies Quiz Stats

 Plays Quiz Updated Sep 5, 2012

Support Sporcle.
Go Orange.
Score 0/20 Timer 04:00
1 Play Today
Hint Answer % Correct
Saving _______ RyanPrivate
99.4%
You've _____ MailGot
97.1%
The _____ LebowskiBig
93.5%
There's Something About ______Mary
92.7%
The _______ TrapParent
89%
Rush _______Hour
86.9%
Meet _____ BlackJoe
81.9%
The ______ Red LineThin
81.6%
The Mask of _______Zorro
81.2%
The _______ WhispererHorse
79.5%
Hint Answer % Correct
Fear and _____ in Las VegasLoathing
78.2%
The Wedding ________ Singer
76.5%
______ of AngelsCity
73.8%
Lock, Stock, and _____ Smoking BarrelsTwo
70.5%
The ____ ShowTruman
70.2%
_______ in LoveShakespeare
52.4%
A Night at the _______Roxbury
38.5%
Run ______ RunLola
34.2%
______ MagicPractical
32.8%
The Prince of _______Egypt
29%

Today's Daily Dose

Missing Word
Inventors

Word Ladder
Feud Chain

Get the Picture
Domestic Movie Titles

From the Vault

Self-Titled Albums by Cover

by SporcleEXP

Music 6m
Musicians are always so egotistical, naming things after themselves.
Remove Ads.
Support Sporcle.
Get the best of Sporcle when you Go Orange. This ad-free experience offers more features, more stats, and more fun while also helping to support Sporcle. Thank you for becoming a member.

Show Comments

Extras

Top Quizzes Today


Score Distribution

Your Account Isn't Verified!

In order to create a playlist on Sporcle, you need to verify the email address you used during registration. Go to your Sporcle Settings to finish the process.

Report this User

Report this user for behavior that violates our Community Guidelines.

Details: